| 000 | 01189cam a2200181 4500500 | ||
|---|---|---|---|
| 005 | 20260329043120.0 | ||
| 041 | _afre | ||
| 042 | _adc | ||
| 100 | 1 | 0 |
_aGardes Tamine, Joëlle _eauthor |
| 700 | 1 | 0 |
_aGautier, Antoine _eauthor |
| 700 | 1 | 0 |
_aMercier-Leca, Florence _eauthor |
| 700 | 1 | 0 |
_aNiklas-Salminen, Aïno _eauthor |
| 700 | 1 | 0 |
_aVerjans, Thomas _eauthor |
| 245 | 0 | 0 | _aCours de grammaire française |
| 260 |
_bArmand Colin,
_c2023. |
||
| 520 | _aUn ouvrage qui offre : • une présentation des méthodes et des notions fondamentales de la grammaire ; • une progression du plus simple au plus complexe : des principales parties du discours, verbe, nom, adjectif, à l’exposé de leurs combinaisons dans le cadre de la phrase (la subordination) et du texte (l’ordre des mots ; de la phrase au texte) ; • une série d’applications, d’exercices et de corrigés en fin de chapitre qui illustrent les exposés ; • 30 fiches synthétiques qui permettent de mémoriser l’essentiel et constituent un bagage pour les révisions aux examens. | ||
| 856 | 4 | 1 | _uhttps://shs.cairn.info/cours-de-grammaire-francaise--9782200635411?lang=fr&redirect-ssocas=7080 |
| 999 |
_c1983121 _d1983121 |
||